00311nam a2200133Ia 45000030006000000080041000060400015000471000017000622450032000792600029001113000006001405460014001460050017001600STCL150530s9999 xx 000 0 und d aSTCLcSTCL aShirazkhan T aNalla Cinema Nalla Samooham bImprint Books; Kollamc0 a0 aMalayalam20220125170622.0